00183nam a22000857a 4500082001400000100002000014245002800034260002600062300000900088 a355 FOR'E aFORTESEUE, JOHN aTHE EMPIRE AND THE ARMY aLONDONbCASSELLc1930 a337P